Т. 1; Рентгеноструктурный анализ

Dades bibliogràfiques
Parent link:Рентгеноструктурный анализ: Учебное пособие/ Г. Б. Бокий, М. А. Порай-Кошиц. Т. 1.— 2-е изд..— , 1964
Idioma:rus
Publicat: 1964
Matèries:
Format: MixedMaterials Llibre
KOHA link:https://koha.lib.tpu.ru/cgi-bin/koha/opac-detail.pl?biblionumber=56698

MARC

LEADER 00000nam2a2200000 4500
001 56698
005 20231101211624.0
035 |a (RuTPU)RU\TPU\book\59553 
090 |a 56698 
100 |a 20031006d1964 m y0rusy50 ca 
101 0 |a rus 
102 |a RU 
105 |a a j 001zy 
200 0 |a Т. 1 
210 |d 1964 
215 |a 489 с.  |c ил. 
320 |a Библиогр.: с. 482-484. 
461 1 |0 (RuTPU)RU\TPU\book\59550  |t Рентгеноструктурный анализ  |o Учебное пособие  |f Г. Б. Бокий, М. А. Порай-Кошиц  |v Т. 1  |e 2-е изд.  |d 1964 
606 1 |a Кристаллы  |x Рентгеноструктурный анализ  |2 stltpush  |3 (RuTPU)RU\TPU\subj\80345  |9 88070 
610 1 |a рентгеноструктурный анализ 
610 1 |a структура 
610 1 |a симметрия 
610 1 |a рентгеновские лучи 
610 1 |a геометрия 
610 1 |a дифракция 
610 1 |a юстировка 
610 1 |a кристаллическое порошок 
610 1 |a анализ 
610 1 |a физика 
610 1 |a учебные пособия 
675 |a 548.73(075.8)  |v 3 
801 1 |a RU  |b 63413507  |c 20031006  |g PSBO 
801 2 |a RU  |b 63413507  |c 20200828  |g PSBO 
900 |a Кристаллография 
942 |c BK 
952 |a 510400  |b 010600